[Event "Rector Cup MGSU"]
[Site "Moscow RUS"]
[Date "2012.11.10"]
[Round "3.4"]
[White "Savchenko, Boris"]
[Black "Kostin, Konstantin"]
[Result "1-0"]
[WhiteTitle "GM"]
[BlackTitle "FM"]
[WhiteElo "2556"]
[BlackElo "2307"]
[WhiteFideId "4147332"]
[BlackFideId "4155882"]
[EventDate "2012.11.09"]

1. e4 c6 2. d4 d5 3. Nc3 dxe4 4. Nxe4 Bf5 5. Ng3 Bg6 6. Nh3 Nf6 7. Nf4 e5 8.
Nxg6 hxg6 9. dxe5 Qxd1+ 10. Kxd1 Ng4 11. Ne4 Nxe5 12. Bf4 Nbd7 13. c3 Nf6 14.
Nxf6+ gxf6 15. Kc2 Bh6 16. Bxh6 Rxh6 17. Re1 g5 18. Bd3 O-O-O 19. Bf5+ Kc7 20.
h3 Kb6 21. Re4 Rd5 22. Rd1 Rxd1 23. Kxd1 c5 24. Ke2 Kc7 25. f4 Nc6 26. Re8 Kd6
27. Kf3 gxf4 28. Kxf4 Ne5 29. b3 Rh4+ 30. Ke3 Rh5 31. Be4 b6 32. Rd8+ Kc7 33.
Rd1 Rg5 34. g4 Rg8 35. Rf1 Nd7 36. Bf5 Ne5 37. Be4 Nd7 38. Kf4 Kd6 39. h4 Ke7
40. Bf5 Nf8 41. Re1+ Ne6+ 42. Kf3 Rb8 43. h5 1-0

[Event "Rector Cup MGSU"]
[Site "Moscow RUS"]
[Date "2012.11.10"]
[Round "3.5"]
[White "Hovhannisyan, Robert"]
[Black "Reprintsev, Alexander"]
[Result "1-0"]
[WhiteTitle "GM"]
[BlackTitle "IM"]
[WhiteElo "2610"]
[BlackElo "2338"]
[WhiteFideId "13302507"]
[BlackFideId "14100541"]
[EventDate "2012.11.09"]

1. e4 d5 2. exd5 Qxd5 3. Nf3 Bg4 4. Be2 Nc6 5. d4 O-O-O 6. Be3 Bxf3 7. Bxf3 Qb5
8. Bxc6 Qxc6 9. O-O e5 10. Qg4+ Kb8 11. dxe5 Nh6 12. Bxh6 gxh6 13. Nc3 Bc5 14.
Rad1 Rdg8 15. Qe4 Qe6 16. g3 Rg5 17. Rd5 Bb6 18. Rfd1 c6 19. Rd6 Qxe5 20. Qxe5
Rxe5 21. Rf6 Re7 22. Rxh6 a5 23. Kg2 Ka7 24. Rd3 Bc5 25. Rh5 Bb4 26. Nd1 b6 27.
Ne3 Bc5 28. a4 Ka6 29. Kf3 f6 30. Rf5 Re6 31. b3 Rhe8 32. h4 Ba3 33. Ng4 Bb2 34.
Re3 b5 35. Rh5 bxa4 36. bxa4 Rxe3+ 37. Nxe3 Re7 38. Nc4 Bc3 39. Rc5 Re6 40. Ne3
Be5 41. Nc4 Bc3 42. Rh5 Re7 43. Ne3 Rd7 44. Rc5 Be5 45. Rxc6+ Kb7 46. Rc5 Kb6
47. Rb5+ Ka6 48. Nc4 Bc7 49. Rf5 Rd4 50. Rc5 Bd8 51. c3 Rd3+ 52. Ne3 Kb6 53. Rd5
Rxd5 54. Nxd5+ Kc5 55. Ne3 1-0

[Event "Rector Cup MGSU"]
[Site "Moscow RUS"]
[Date "2012.11.10"]
[Round "3.6"]
[White "Anokhin, Vladimir"]
[Black "Azarov, Sergei"]
[Result "0-1"]
[BlackTitle "GM"]
[WhiteElo "2354"]
[BlackElo "2618"]
[WhiteFideId "4115201"]
[BlackFideId "13501470"]
[EventDate "2012.11.09"]

1. c4 e6 2. Nf3 Nf6 3. g3 d5 4. Bg2 Be7 5. O-O O-O 6. b3 b6 7. Bb2 Bb7 8. Qc2 c5
9. e3 Nc6 10. cxd5 Nb4 11. Qc3 Nbxd5 12. Qe5 h6 13. Ba3 b5 14. Bc1 Nb4 15. Ne1
Nfd5 16. Qb2 Bf6 17. d4 Rc8 18. Bd2 Qb6 19. a3 0-1

[Event "Rector Cup MGSU"]
[Site "Moscow RUS"]
[Date "2012.11.10"]
[Round "3.7"]
[White "Sychev, Klementy"]
[Black "Belous, Vladimir"]
[Result "0-1"]
[BlackTitle "IM"]
[WhiteElo "2341"]
[BlackElo "2554"]
[WhiteFideId "4114060"]
[BlackFideId "4174003"]
[EventDate "2012.11.09"]

1. d4 Nf6 2. c4 g6 3. f3 Bg7 4. e4 d6 5. Nc3 O-O 6. Nge2 Nc6 7. Be3 a6 8. Qd2
Rb8 9. Rc1 Bd7 10. b3 Re8 11. Nd1 b5 12. c5 dxc5 13. Rxc5 e5 14. d5 Nd4 15. Nf2
Bf8 16. Rc1 Ba3 17. Nxd4 Bxc1 18. Qxc1 exd4 19. Bxd4 Nxd5 20. Be2 c5 21. Bb2 Nf6
22. O-O Nh5 23. Rd1 Qe7 24. Qc3 f6 25. g4 Nf4 26. Bf1 Be6 27. g5 b4 28. Qxf6
Qxf6 29. Bxf6 Nh5 30. Ba1 Rbd8 31. Rc1 Rf8 32. Ng4 Rxf3 33. Nh6+ Kf8 34. Be2 Rf4
35. Bxh5 gxh5 36. Bf6 Rd2 37. Re1 Bh3 38. Be5 Rf3 39. Bg3 Rxa2 40. Rd1 Rd2 41.
Re1 Rxb3 42. e5 Rbd3 43. e6 Rd1 0-1

[Event "Rector Cup MGSU"]
[Site "Moscow RUS"]
[Date "2012.11.10"]
[Round "3.9"]
[White "Kremenietsky, Anatoly M."]
[Black "Popov, Ivan RUS"]
[Result "0-1"]
[WhiteTitle "IM"]
[BlackTitle "GM"]
[WhiteElo "2345"]
[BlackElo "2624"]
[WhiteFideId "4103467"]
[BlackFideId "4170350"]
[EventDate "2012.11.09"]

1. f4 g6 2. Nf3 Bg7 3. e4 c5 4. g3 Nc6 5. Bg2 e6 6. O-O Nge7 7. d3 O-O 8. c3 b5
9. Be3 d6 10. Nbd2 b4 11. Qc2 bxc3 12. bxc3 Ba6 13. Rab1 Qa5 14. Rfc1 Rac8 15.
Nc4 Bxc4 16. dxc4 Rb8 17. Rb3 Qa6 18. Bf1 Qc8 19. Rcb1 Qc7 20. Be2 Nc8 21. Rxb8
Nxb8 22. e5 Nd7 23. exd6 Nxd6 24. Nd2 Nb6 25. a4 a5 26. Qb3 Rb8 27. Qa3 Nd7 28.
Rxb8+ Qxb8 29. Bxc5 Nxc5 30. Qxc5 Bxc3 31. Nf3 Qb1+ 32. Bf1 Bb4 33. Qc6 Ne4 34.
Ne5 Bc5+ 35. Kg2 Qc2+ 36. Kf3 Qf2+ 37. Kxe4 Qe3# 0-1

[Event "Rector Cup MGSU"]
[Site "Moscow RUS"]
[Date "2012.11.10"]
[Round "3.10"]
[White "Volkov, Sergey"]
[Black "Pisakov, Ilia"]
[Result "1-0"]
[WhiteTitle "GM"]
[BlackTitle "FM"]
[WhiteElo "2577"]
[BlackElo "2305"]
[WhiteFideId "4122763"]
[BlackFideId "4139020"]
[EventDate "2012.11.09"]

1. d4 d5 2. c4 c6 3. Nf3 Nf6 4. e3 e6 5. b3 Nbd7 6. Bb2 b6 7. Bd3 Bb7 8. O-O Be7
9. Nbd2 c5 10. cxd5 exd5 11. Qe2 O-O 12. Rac1 Re8 13. Rfd1 Ne4 14. Ba6 Qc8 15.
Bxb7 Qxb7 16. dxc5 Ndxc5 17. Nf1 a5 18. Ng3 a4 19. b4 Ne6 20. a3 Bf8 21. Qb5
Red8 22. Nxe4 dxe4 23. Rxd8 Rxd8 24. Nd4 Rd5 25. Qxa4 Ng5 26. Qc6 Qxc6 27. Rxc6
Rd6 28. Rxd6 Bxd6 29. Nf5 Bf8 30. Bd4 b5 31. Bb6 Ne6 32. Ng3 Bd6 1-0

[Event "Rector Cup MGSU"]
[Site "Moscow RUS"]
[Date "2012.11.10"]
[Round "3.11"]
[White "Tregubov, Andrei"]
[Black "Vorobiov, Evgeny E."]
[Result "0-1"]
[BlackTitle "GM"]
[WhiteElo "2349"]
[BlackElo "2597"]
[WhiteFideId "4114965"]
[BlackFideId "4121341"]
[EventDate "2012.11.09"]

1. d4 Nf6 2. Nf3 g6 3. e3 Bg7 4. b4 O-O 5. Bb2 d6 6. Be2 Nbd7 7. h3 e5 8. c3 Re8
9. a4 e4 10. Nfd2 Nf8 11. c4 h5 12. Nc3 N8h7 13. a5 a6 14. Qc2 Bf5 15. b5 Ng5
16. h4 Ne6 17. Nd5 Nxd5 18. cxd5 Nxd4 19. Bxd4 Bxd4 20. exd4 e3 21. Qc3 exd2+
22. Kxd2 axb5 23. Bxb5 Re4 24. Rae1 Rxe1 25. Kxe1 Be4 26. f3 Bxd5 27. Bd3 c6 28.
a6 bxa6 29. Kf2 Qf6 30. Bc4 Bxc4 31. Qxc4 d5 32. Qc3 a5 33. Kg3 a4 34. Ra1 a3
35. Rxa3 Qd6+ 0-1

[Event "Rector Cup MGSU"]
[Site "Moscow RUS"]
[Date "2012.11.10"]
[Round "3.12"]
[White "Sukhareva, Evgeniya"]
[Black "Papin, Vasily"]
[Result "0-1"]
[BlackTitle "GM"]
[WhiteElo "2270"]
[BlackElo "2546"]
[WhiteFideId "4167155"]
[BlackFideId "4143183"]
[EventDate "2012.11.09"]

1. c4 e6 2. g3 d5 3. Bg2 dxc4 4. Qa4+ Nd7 5. Qxc4 a6 6. Qc2 Rb8 7. Nf3 b5 8. b3
Bb7 9. Bb2 Ngf6 10. O-O c5 11. d3 Be7 12. Nbd2 O-O 13. Rac1 Qb6 14. Qb1 Rfd8 15.
Qa1 Bf8 16. Rfd1 Bc6 17. Ne5 Bxg2 18. Kxg2 Qb7+ 19. Kg1 Rbc8 20. Nxd7 Nxd7 21.
Nf3 Nb6 22. Ne5 Rd5 23. Rc2 f6 24. Ng4 Rdd8 25. Ne3 e5 26. Rdc1 Nd7 27. Ba3 Qa8
28. Bb2 Qb7 29. Ba3 g6 30. Qb1 a5 31. Qa1 Qa8 32. h4 h5 33. Qb1 f5 34. Ng2 Bh6
35. Rd1 Kh7 36. Rdc1 Qb7 37. Rd1 0-1

[Event "Rector Cup MGSU"]
[Site "Moscow RUS"]
[Date "2012.11.10"]
[Round "4.1"]
[White "Shvedchikov, Anatoli I."]
[Black "Nepomniachtchi, Ian"]
[Result "0-1"]
[WhiteTitle "IM"]
[BlackTitle "GM"]
[WhiteElo "2391"]
[BlackElo "2707"]
[WhiteFideId "4103343"]
[BlackFideId "4168119"]
[EventDate "2012.11.09"]

1. d4 Nf6 2. Nf3 g6 3. Bf4 Bg7 4. e3 O-O 5. h3 d6 6. Be2 Nfd7 7. Bh2 e5 8. dxe5
dxe5 9. Nc3 Nc6 10. O-O a6 11. a4 Nc5 12. Qc1 Be6 13. Rd1 Qe7 14. Nd2 f5 15. Bc4
Rad8 16. a5 Kh8 17. Bxe6 Qxe6 18. Na4 Nxa4 19. Rxa4 Rd7 20. Nb3 Rfd8 21. Rxd7
Qxd7 22. Ra1 Qd5 23. Qe1 h6 24. Qe2 Rd7 25. Kf1 Kh7 26. Kg1 e4 27. c4 Qd3 28.
Qxd3 Rxd3 29. Nc5 Bxb2 30. Rb1 Rd2 31. Bxc7 Nb4 32. Nxb7 Nd3 33. Bg3 g5 34. Nd6
Kg6 35. c5 Rc2 36. Nc8 Rxc5 37. Nd6 Rc2 0-1

[Event "Rector Cup MGSU"]
[Site "Moscow RUS"]
[Date "2012.11.10"]
[Round "4.2"]
[White "Andreikin, Dmitry"]
[Black "Cherniaev, Alexander"]
[Result "1/2-1/2"]
[WhiteTitle "GM"]
[BlackTitle "GM"]
[WhiteElo "2723"]
[BlackElo "2460"]
[WhiteFideId "4158814"]
[BlackFideId "4117301"]
[EventDate "2012.11.09"]

1. e4 c5 2. Nc3 Nc6 3. Bb5 Nd4 4. Nf3 e6 5. O-O a6 6. Bd3 Nc6 7. Be2 Nd4 8. Re1
Ne7 9. Bf1 Nxf3+ 10. Qxf3 Nc6 11. d3 d6 12. Qd1 g6 13. Be3 Bg7 14. Qd2 O-O 15.
Bh6 e5 16. Bxg7 Kxg7 17. g3 f6 18. Bg2 Be6 19. f4 Qd7 20. Rf1 Rae8 21. Rf2 Nd4
22. Raf1 exf4 23. Rxf4 b6 24. Nd1 d5 25. Kh1 dxe4 26. dxe4 Nc6 27. Qf2 Qd4 28.
b3 Rd8 29. Qxd4 Nxd4 30. R4f2 Nc6 31. Ne3 Ne5 32. Nd5 Bxd5 33. exd5 c4 34. Re2
Rfe8 35. Rfe1 Kf7 36. Kg1 Re7 37. bxc4 Rc7 38. Rf2 Kg7 39. Bf1 Nxc4 40. Re6 Rxd5
41. Bxc4 Rxc4 42. Rxb6 f5 43. Rxa6 Rdc5 44. Ra7+ Kh6 45. Re7 Rxc2 46. Re1 Kg5
47. a4 R2c4 48. Ra1 Ra5 49. Rfa2 f4 50. gxf4+ Rxf4 51. Rg2+ Kh5 52. Rga2 Kh4 53.
Ra3 g5 54. R3a2 g4 55. Ra3 h5 56. Kg2 Kg5 57. h3 h4 58. hxg4 Kxg4 59. Kh2 Kf5 1/2-1/2

[Event "Rector Cup MGSU"]
[Site "Moscow RUS"]
[Date "2012.11.10"]
[Round "4.3"]
[White "Potkin, Vladimir"]
[Black "Rychagov, Andrey"]
[Result "1-0"]
[WhiteTitle "GM"]
[BlackTitle "GM"]
[WhiteElo "2665"]
[BlackElo "2561"]
[WhiteFideId "4131061"]
[BlackFideId "4119932"]
[EventDate "2012.11.09"]

1. e4 e6 2. d4 d5 3. Nc3 Nf6 4. e5 Nfd7 5. f4 c5 6. Nf3 Nc6 7. Be3 Be7 8. Qd2
O-O 9. dxc5 Bxc5 10. O-O-O Qa5 11. a3 Rb8 12. Bxc5 Qxc5 13. Bd3 b5 14. Bxh7+
Kxh7 15. Ng5+ Kg8 16. Qd3 f5 17. Qh3 Re8 18. Qh5 Qe3+ 19. Kb1 Bb7 20. Qf7+ Kh8
21. Rd3 Qxd3 22. cxd3 Nc5 23. Qh5+ Kg8 24. Qh7+ Kf8 25. Qh8+ Ke7 26. Qxg7+ 1-0

[Event "Rector Cup MGSU"]
[Site "Moscow RUS"]
[Date "2012.11.10"]
[Round "4.4"]
[White "Seliverstov, Vladimir"]
[Black "Savchenko, Boris"]
[Result "1-0"]
[WhiteTitle "FM"]
[BlackTitle "GM"]
[WhiteElo "2433"]
[BlackElo "2556"]
[WhiteFideId "4192036"]
[BlackFideId "4147332"]
[EventDate "2012.11.09"]

1. d4 Nf6 2. c4 e6 3. g3 c5 4. d5 exd5 5. cxd5 b5 6. Nf3 d6 7. e4 a6 8. a4 b4 9.
Nbd2 Nbd7 10. a5 Qe7 11. Bd3 Nxd5 12. O-O Nc7 13. Nc4 Bb7 14. Bf4 Nb5 15. e5
dxe5 16. Nfxe5 Nxe5 17. Bxe5 Qe6 18. Re1 Be7 19. Bxg7 Qd5 20. Be4 Qxd1 21. Raxd1
Bxe4 22. Rxe4 f5 23. Re3 Kf7 24. Bxh8 Rxh8 25. Rd7 Re8 26. Rb7 Kf8 27. Ne5 Nd6
28. Ra7 f4 29. Rf3 Kg8 1-0

[Event "Rector Cup MGSU"]
[Site "Moscow RUS"]
[Date "2012.11.10"]
[Round "4.6"]
[White "Azarov, Sergei"]
[Black "Vorotnikov, Vladislav V"]
[Result "1-0"]
[WhiteTitle "GM"]
[BlackTitle "GM"]
[WhiteElo "2618"]
[BlackElo "2464"]
[WhiteFideId "13501470"]
[BlackFideId "4103009"]
[EventDate "2012.11.09"]

1. e4 e5 2. Nf3 Nc6 3. Bb5 g6 4. c3 a6 5. Ba4 d6 6. d4 Bd7 7. Bg5 f6 8. Be3 Nh6
9. O-O Nf7 10. c4 Bg7 11. Nc3 O-O 12. c5 exd4 13. Nxd4 Nxd4 14. Bxd4 Bxa4 15.
Qxa4 Kh8 16. Rfd1 Qe8 17. Qb3 Qc6 18. cxd6 Nxd6 19. f3 Qc4 20. Qxc4 Nxc4 21. b3
Na5 22. Nd5 Rf7 23. Rac1 Nc6 24. Bb2 Re8 25. Re1 f5 26. Bxg7+ Kxg7 27. exf5
Rxe1+ 28. Rxe1 gxf5 29. h4 Rd7 30. Nf4 Nd4 31. Kf2 c5 32. g4 fxg4 33. fxg4 b5
34. Re5 c4 35. bxc4 bxc4 36. Rg5+ Kf8 37. Rc5 Rf7 38. Kg3 Re7 39. Rxc4 Re3+ 40.
Kg2 Nf3 41. Rc8+ Kg7 42. Rc7+ Kg8 43. h5 Nh4+ 44. Kh2 Nf3+ 45. Kg2 Nh4+ 46. Kg1
Ra3 47. Nd5 Rxa2 48. Nf6+ Kf8 49. Nxh7+ Ke8 50. Nf6+ Kd8 51. Rd7+ Kc8 52. h6
Nf3+ 53. Kf1 Nd2+ 54. Rxd2 Rxd2 55. h7 1-0

[Event "Rector Cup MGSU"]
[Site "Moscow RUS"]
[Date "2012.11.10"]
[Round "4.7"]
[White "Belous, Vladimir"]
[Black "Sharafiev, Azat"]
[Result "1-0"]
[WhiteTitle "IM"]
[BlackTitle "IM"]
[WhiteElo "2554"]
[BlackElo "2428"]
[WhiteFideId "4174003"]
[BlackFideId "4186214"]
[EventDate "2012.11.09"]

1. d4 d5 2. c4 e6 3. Nc3 Nf6 4. cxd5 exd5 5. Bf4 c6 6. e3 Bf5 7. Nge2 Nbd7 8.
Ng3 Bg6 9. h4 h5 10. Be2 Qb6 11. Qd2 Be7 12. Rc1 a5 13. a3 Qd8 14. Bf3 Nb6 15.
Be2 Nbd7 16. Bf3 Nb6 17. Be2 Nbd7 18. Qd1 Qb6 19. Na4 Qd8 20. Nc3 Qb6 21. Qd2
Qd8 22. Kf1 Ne4 23. Ncxe4 dxe4 24. Qc2 Nf6 25. Bg5 Nd5 26. Nxe4 Bxg5 27. hxg5
Qe7 28. Bd3 Bxe4 29. Bxe4 Qxg5 30. Qc5 O-O-O 31. Kg1 h4 32. Bf3 f6 33. Rh3 Kb8
34. Kh1 Rhe8 35. Qxa5 f5 36. b4 Qe7 37. b5 cxb5 38. Qxb5 Qe6 39. Rc5 g5 40. Bxd5
Qe7 41. Qb1 g4 42. Bxb7 Rh8 1-0

[Event "Rector Cup MGSU"]
[Site "Moscow RUS"]
[Date "2012.11.10"]
[Round "4.8"]
[White "Popov, Ivan RUS"]
[Black "Borisenko, Andrei"]
[Result "1-0"]
[WhiteTitle "GM"]
[BlackTitle "IM"]
[WhiteElo "2624"]
[BlackElo "2413"]
[WhiteFideId "4170350"]
[BlackFideId "4120930"]
[EventDate "2012.11.09"]

1. e4 e6 2. d4 d5 3. Nc3 Bb4 4. exd5 exd5 5. Bd3 Nc6 6. a3 Bxc3+ 7. bxc3 Nge7 8.
Rb1 b6 9. Qf3 Be6 10. Ne2 Qd7 11. Ng3 O-O-O 12. h3 f6 13. O-O h5 14. Nxh5 Nf5
15. Nf4 Nh4 16. Qe2 Bf7 17. Qg4 f5 18. Qg5 Rde8 19. Bb5 Qd6 20. Nd3 Rh5 21. Qg3
Qf6 22. Nb4 f4 23. Qg4+ Re6 24. Bxc6 Rg5 25. Qxf4 Rxg2+ 26. Kh1 Qg6 27. Qxh4 Re4
28. Bf4 Re2 29. Rg1 Rxg1+ 30. Rxg1 Qe4+ 31. Kh2 Be8 32. Qg4+ Kd8 33. Bg5+ 1-0

[Event "Rector Cup MGSU"]
[Site "Moscow RUS"]
[Date "2012.11.10"]
[Round "4.9"]
[White "Vakhlamov, Igor L."]
[Black "Volkov, Sergey"]
[Result "1/2-1/2"]
[WhiteTitle "FM"]
[BlackTitle "GM"]
[WhiteElo "2347"]
[BlackElo "2577"]
[WhiteFideId "24126748"]
[BlackFideId "4122763"]
[EventDate "2012.11.09"]

1. e4 e6 2. d4 d5 3. Nd2 Nf6 4. e5 Nfd7 5. Bd3 c5 6. c3 Nc6 7. Ne2 cxd4 8. cxd4
f6 9. Nf4 Nxd4 10. Qh5+ Ke7 11. exf6+ Nxf6 12. Ng6+ hxg6 13. Qxh8 Kf7 14. O-O e5
15. Nb3 Nc6 16. Bg5 Bf5 17. Bxf5 gxf5 18. Rad1 d4 19. Qh3 Qd7 20. Rfe1 Bb4 21.
Re2 Rd8 22. a3 Be7 23. Kh1 Kg8 24. f3 Qd5 25. Nd2 d3 26. Ree1 Nd4 27. Nf1 e4 28.
Ne3 Qd7 29. Bxf6 Bxf6 30. fxe4 fxe4 31. Qh5 Ne2 32. Rxe2 dxe2 33. Qxe2 Qf7 34.
Rxd8+ Bxd8 35. g3 Bb6 36. Kg2 Bd4 37. Nc4 Qd5 38. Ne3 Qe6 39. Qd2 Qf6 40. Qe2
Bxb2 41. Qc4+ Qf7 42. Qc8+ Qf8 43. Qe6+ Kh8 44. Qh3+ Kg8 45. Qe6+ Qf7 46. Qc8+
Kh7 47. Qh3+ Kg6 48. Qg4+ Kh6 49. Qh4+ Kg6 50. Qxe4+ Kh6 51. Nf5+ Kh7 52. Qh4+
Kg8 53. Qd8+ Kh7 54. Qh4+ Kg8 55. Qd8+ 1/2-1/2

[Event "Rector Cup MGSU"]
[Site "Moscow RUS"]
[Date "2012.11.10"]
[Round "5.2"]
[White "Geller, Jakov"]
[Black "Potkin, Vladimir"]
[Result "0-1"]
[WhiteTitle "GM"]
[BlackTitle "GM"]
[WhiteElo "2559"]
[BlackElo "2665"]
[WhiteFideId "4151984"]
[BlackFideId "4131061"]
[EventDate "2012.11.09"]

1. e4 e6 2. d4 d5 3. exd5 exd5 4. Nf3 Nf6 5. Bd3 Be7 6. O-O O-O 7. Re1 Bg4 8.
Bg5 Nbd7 9. Nbd2 c5 10. c3 c4 11. Bc2 Bd6 12. Bh4 Qc7 13. Bg3 Bxg3 14. hxg3 b5
15. a3 a5 16. Nf1 Rfe8 17. Ne3 Bh5 18. g4 Nxg4 19. Nxd5 Qd6 20. Ne3 Nh2 21. g4
Nxg4 22. Nxg4 Bxg4 23. Bxh7+ Kf8 24. Be4 Rxe4 25. Rxe4 Qg6 26. Rxg4 Qxg4+ 27.
Kf1 Qh3+ 28. Kg1 Ra6 29. Ng5 Rg6 30. f4 Qg3+ 31. Kf1 Qxf4+ 32. Nf3 Nf6 0-1

[Event "Rector Cup MGSU"]
[Site "Moscow RUS"]
[Date "2012.11.10"]
[Round "5.3"]
[White "Lintchevski, Daniil"]
[Black "Azarov, Sergei"]
[Result "1/2-1/2"]
[WhiteTitle "GM"]
[BlackTitle "GM"]
[WhiteElo "2555"]
[BlackElo "2618"]
[WhiteFideId "4171055"]
[BlackFideId "13501470"]
[EventDate "2012.11.09"]

1. Nf3 Nf6 2. c4 e6 3. d4 d5 4. e3 Be7 5. b3 O-O 6. Bb2 c5 7. dxc5 Bxc5 8. Nbd2
Nc6 9. cxd5 exd5 10. Rc1 Bb6 11. Be2 d4 12. Nxd4 Nxd4 13. Bxd4 Bxd4 14. exd4
Qxd4 15. O-O Be6 16. Nc4 Rad8 17. Qxd4 Rxd4 18. Rfd1 Rxd1+ 19. Rxd1 1/2-1/2

[Event "Rector Cup MGSU"]
[Site "Moscow RUS"]
[Date "2012.11.10"]
[Round "5.4"]
[White "Seliverstov, Vladimir"]
[Black "Belous, Vladimir"]
[Result "0-1"]
[WhiteTitle "FM"]
[BlackTitle "IM"]
[WhiteElo "2433"]
[BlackElo "2554"]
[WhiteFideId "4192036"]
[BlackFideId "4174003"]
[EventDate "2012.11.09"]

1. d4 Nf6 2. c4 g6 3. g3 d5 4. cxd5 Nxd5 5. Bg2 Bg7 6. Nf3 O-O 7. O-O Nb6 8. Nc3
Nc6 9. e3 Re8 10. Re1 a5 11. Qe2 e5 12. dxe5 Nxe5 13. Nxe5 Bxe5 14. Rd1 Qe7 15.
e4 Be6 16. f4 Bxc3 17. bxc3 Bc4 18. Qf2 Na4 19. Re1 Rad8 20. f5 Nxc3 21. Bb2 Na4
22. fxg6 Nxb2 23. gxh7+ Kxh7 24. Qxb2 Qe5 25. Qc2 Be6 26. Rac1 c6 27. Rf1 Kg7
28. Rf2 Rd4 29. Rcf1 Red8 30. Qb2 R8d7 31. Rf4 Rxe4 32. Qa3 Rxf4 33. gxf4 Qd4+
34. Kh1 Bc4 35. Rg1 Kf6 36. Qg3 Ke7 37. Re1+ Kf8 38. Qa3+ Kg7 39. Qg3+ Kf8 40.
Qa3+ Rd6 41. f5 b6 42. h3 c5 43. Re4 Qd1+ 44. Kh2 Rd4 45. Qg3 Rxe4 46. Bxe4 Qd8
47. a3 Qf6 48. Qb8+ Kg7 49. Qg3+ Kh7 50. Qf3 b5 51. Qf4 b4 52. axb4 cxb4 53. Qc7
Qd4 54. Qf4 Qf6 55. Qc7 Qb2+ 56. Kg3 Qd4 57. Qf4 Qf6 58. Qc7 Qd4 59. Qf4 Qc3+
60. Kh2 Qf6 61. Qc7 Bf1 62. Qxa5 Qd6+ 63. Kg1 Bxh3 64. f6+ Kh6 65. Qa1 Qg3+ 66.
Kh1 Qf4 67. Qd4 Bf5 0-1

[Event "Rector Cup MGSU"]
[Site "Moscow RUS"]
[Date "2012.11.10"]
[Round "5.5"]
[White "Kashlinskaya, Alina"]
[Black "Popov, Ivan RUS"]
[Result "0-1"]
[WhiteTitle "WGM"]
[BlackTitle "GM"]
[WhiteElo "2344"]
[BlackElo "2624"]
[WhiteFideId "4198026"]
[BlackFideId "4170350"]
[EventDate "2012.11.09"]

1. d4 d5 2. c4 c6 3. Nf3 Nf6 4. Nbd2 Bf5 5. Nh4 Be6 6. e3 g6 7. Bd3 Bg7 8. O-O
O-O 9. Nhf3 Nbd7 10. Qe2 c5 11. cxd5 Nxd5 12. Ng5 cxd4 13. Nxe6 fxe6 14. exd4
Nf4 15. Qe4 Nxd3 16. Qxd3 Nc5 17. Qe2 Qxd4 18. Nf3 Qd3 19. Qxd3 Nxd3 20. Bg5
Nxb2 21. Rab1 b6 22. Rfe1 Kf7 23. Ne5+ Bxe5 24. Rxe5 Nd3 25. Re3 Rfd8 26. Rf3+
Ke8 27. Rh3 h5 28. g4 Rd5 29. f4 Rc8 30. gxh5 gxh5 31. Rf1 e5 32. fxe5 Nxe5 33.
Rxh5 Nf7 34. h4 Nxg5 35. hxg5 Rcc5 36. Rh8+ Kd7 37. Ra8 Rxg5+ 38. Kh1 Rh5+ 39.
Kg1 Rcf5 0-1

[Event "Rector Cup MGSU"]
[Site "Moscow RUS"]
[Date "2012.11.10"]
[Round "5.6"]
[White "Grachev, Boris"]
[Black "Zilbert, Oleg"]
[Result "1-0"]
[WhiteTitle "GM"]
[BlackTitle "FM"]
[WhiteElo "2685"]
[BlackElo "2286"]
[WhiteFideId "4129199"]
[BlackFideId "4165950"]
[EventDate "2012.11.09"]

1. d4 Nf6 2. c4 e6 3. Nc3 Bb4 4. e3 O-O 5. Ne2 Ne4 6. f3 Nxc3 7. bxc3 Be7 8. Ng3
d6 9. Bd3 f5 10. O-O Qe8 11. Qc2 Bh4 12. f4 Bxg3 13. hxg3 Nd7 14. e4 Nf6 15. e5
Ng4 16. Be2 Qh5 17. Bxg4 Qxg4 18. exd6 cxd6 19. Ba3 Rd8 20. Rf3 b6 21. Re1 Bb7
22. Rfe3 Be4 23. Qa4 Qg6 24. d5 h5 25. Kf2 exd5 26. cxd5 h4 27. Rh1 Re8 28. Qd4
Qf7 29. gxh4 Bxd5 30. Rhh3 Re4 31. Rxe4 Bxe4 32. Rg3 Rd8 33. c4 d5 34. Bb2 Rd7
35. cxd5 Bxd5 36. Qe5 Kh7 37. Rxg7+ 1-0

[Event "Rector Cup MGSU"]
[Site "Moscow RUS"]
[Date "2012.11.10"]
[Round "5.7"]
[White "Krivoshey, Sergei"]
[Black "Andreikin, Dmitry"]
[Result "0-1"]
[WhiteTitle "GM"]
[BlackTitle "GM"]
[WhiteElo "2483"]
[BlackElo "2723"]
[WhiteFideId "14102226"]
[BlackFideId "4158814"]
[EventDate "2012.11.09"]

1. Nf3 c5 2. c4 Nc6 3. g3 g6 4. Bg2 Bg7 5. Nc3 Nh6 6. h4 Nf5 7. h5 d6 8. d3 Nfd4
9. Nxd4 Bxd4 10. e3 Bg7 11. h6 Bxc3+ 12. bxc3 O-O 13. Bd2 Ne5 14. Qe2 Qa5 15.
O-O Qa4 16. Rfc1 Rb8 17. e4 b5 18. f4 Bg4 19. Qf1 Nd7 20. cxb5 Rxb5 21. c4 Rb2
22. Bc3 Rxa2 23. Qf2 Rxa1 24. Rxa1 Qb3 25. Qd2 Qb8 26. Qa2 f6 27. Qxa7 Qb3 28.
Rc1 e5 29. f5 Rf7 30. Qa6 Qb8 31. Ra1 Nf8 32. Qa2 gxf5 33. exf5 Bxf5 34. Bd5 Be6
35. Be4 f5 36. Bg2 Qd8 37. Qd2 f4 38. gxf4 Rxf4 39. Qe2 Rg4 40. Bd2 Rg6 41. Kf1
Qh4 0-1

[Event "Rector Cup MGSU"]
[Site "Moscow RUS"]
[Date "2012.11.10"]
[Round "5.8"]
[White "Hovhannisyan, Robert"]
[Black "Mozharov, Mikhail"]
[Result "1/2-1/2"]
[WhiteTitle "GM"]
[BlackTitle "IM"]
[WhiteElo "2610"]
[BlackElo "2514"]
[WhiteFideId "13302507"]
[BlackFideId "4189825"]
[EventDate "2012.11.09"]

1. e4 c5 2. Nf3 e6 3. d4 cxd4 4. Nxd4 Nc6 5. Nc3 Qc7 6. g3 a6 7. Bg2 d6 8. O-O
Bd7 9. Re1 Be7 10. Nxc6 Bxc6 11. Qd4 Nf6 12. Nd5 Bxd5 13. exd5 e5 14. Qb4 O-O
15. Be3 Nd7 16. a4 Rac8 17. a5 h6 18. c3 Bg5 19. Bxg5 hxg5 20. Qg4 Qd8 21. Rec1
Rc7 22. b4 f5 23. Qd1 e4 24. c4 Ne5 25. Qb3 Qf6 26. c5 Nd3 27. Rd1 dxc5 28. bxc5
Rxc5 29. Qxb7 Qd4 30. Ra2 Rfc8 31. Bf1 Qxd5 32. Qxd5+ Rxd5 33. Ra3 Rcc5 34. Bxd3
exd3 35. Raxd3 Rxd3 36. Rxd3 Rxa5 37. Rd6 Kh7 38. h3 Ra2 39. Kg2 a5 40. Rd5 Kg6
41. Rd6+ Kf7 42. Ra6 a4 43. g4 f4 44. Kf3 a3 45. Ra5 Kf6 46. Ra6+ Kf7 47. Ra5
Kg6 48. Ra6+ Kh7 49. Ra5 Kh6 50. Ra6+ g6 51. Ra7 Ra1 52. Kg2 a2 53. f3 Rb1 54.
Rxa2 Rb3 55. Kf2 Rc3 56. Rd2 Rb3 57. Rd8 Rb2+ 58. Kf1 Ra2 59. Kg1 1/2-1/2